00842nam a2200145Ia 4500008004100000100002300041245011100064245026400175260003200439260001800471650001200489856010300501999001900604952007300623160809s9999 xx 000 0 und d aConca, Antoinette. aOptimized Patient Transfer through Innovative Multidisciplinary Assessment: Project Description of Phase I cAntoinette Conca, Rita Bossart, Katharina Regez, Ursula Schild, Gabriela Wallimann, Ruth Schweingruber, Virpi Hantikainen, Petra Tobias, Werner Albrich, Kristina Rüegger, Frank Dusemund, Ulrich Bürgi, Thomas Sigrist, Stefan Mariacher-Gehler, Andreas Huber bJournal of Nursing and Care cFebruary 2016 xNURSING uhttp://www.omicsgroup.org/journals/ArchiveJNC/jnc-archive.php?journal=jnc&month=February&year=2027 c300160d300160 001040aCLbCLd2016-08-09l0r2016-08-09 00:00:00w2016-08-09yFOJ